| 000 | 00946nam a2200253 i 4500 | ||
|---|---|---|---|
| 001 | 185536 | ||
| 003 | SpMaBN | ||
| 005 | 20240226212330.0 | ||
| 008 | 160629s1987 sp |||| | spa d | ||
| 020 | _a84-309-1510-9 | ||
| 080 | _a133.5:54 | ||
| 245 | 0 | 0 |
_aCinco tratados españoles de alquimia / _cedición, Juan Eslava Galán. |
| 260 |
_aMadrid : _bTecnos, _c[1987] |
||
| 300 |
_a195 p. ; _c22 cm. |
||
| 490 | 1 |
_aLa memoria del fénix ; _v1 |
|
| 504 | _aBibliografía: p. 191-195. | ||
| 505 | 8 |
_aContiene: ; _tLibro del tesoro y el candado ; _tCarta alquímica ; _tCoplas sobre la piedra filosofal ; _tToque de alquimia ; _tSuma medicina o Piedra filosofal |
|
| 650 | 7 |
_aAlquimia. _99742 |
|
| 650 | 4 |
_aAlquimia- _zEspaña. _9159866 |
|
| 700 | 1 |
_aEslava Galán, Juan, _d1948- _947732 |
|
| 830 | 0 |
_aLa memoria del fénix ; _v1 _9188845 |
|
| 852 |
_aES-MaACL _jL-30440 _z. - Donat. Miguel A. Velasco |
||
| 999 |
_c185536 _d185536 |
||